Seattle A-Z - Statistics

General Stats
  • This quiz has been taken 204 times
  • The average score is 17 of 26
Answer Stats
Hint Answer % Correct
A Company founded by Jeff Bezos Amazon
95%
B Aircraft company Boeing
95%
S Most famous landmark Space Needle
94%
P Oceanic sound Seattle sits on {Puget} Sound
91%
N Kurt Cobain's band Nirvana
90%
X Microsoft game console Xbox
90%
F What gets thrown at the Pike Place market Fish
87%
R Huge volcano visible from the city Rainier
86%
M Seattle's MLB team Mariners
84%
W Event for which S was built World's Fair
83%
T Second biggest city in Metro Seattle Tacoma
80%
E Nickname of Seattle {Emerald} City
77%
G TV series about some doctors with heart-wrenching stories Grey's Anatomy
75%
K County that Seattle is within King
75%
L "Enter the Dragon" martial artist Bruce Lee
73%
I Mercer, Bainbridge, Harbor, e.g. Islands
72%
O Mountain range visible from Seattle Olympic
72%
H "Purple Haze" Jimi Hendrix
56%
U Lake in the city limits Lake Union
49%
Q Neighborhood on a hill Queen Anne
43%
V First European to visit the modern-day Seattle area George Vancouver
40%
Y East–west street named for a former mayor named Henry {Yesler} Way
23%
D Current mayor who compares the 2020 protests to "Summer of Love" Jenny Durkan
21%
J Another nickname of Seattle {Jet} City
18%
Z One of the oldest pharmaceutical companies in the U.S. {Zymo}Genetics
7%
C "Seattle" singer Perry Como
6%
No matching quizzes found
Score Distribution
Percent of People with Each Score
Percentile by Number Answered
Your Score History
You have not taken this quiz